[Event "9th Ferdowski Cup 2019"]
[Site "Mashhad"]
[Date "2019.03.07"]
[Round "8.1"]
[White "Gholami Orimi, Mahdi"]
[Black "Aitbayev, Aslan"]
[Result "1/2-1/2"]
[WhiteElo "2408"]
[BlackElo "2441"]
[Annotator "TA"]
[PlyCount "75"]
[EventDate "2019.03.01"]
[EventType "swiss"]
[EventCountry "IRI"]
[SourceTitle "playchess.com"]
[Source "ChessBase"]
[SourceQuality "1"]

{[%evp 23,75,-46,-54,-55,-36,-31,-30,-20,-15,-33,-24,-34,-27,-31,0,-23,-16,-24,-31,-29,-32,-49,-43,-93,-85,-76,-60,-56,-50,-70,-58,-58,-73,-92,-77,-73,-69,-69,-70,-84,-35,-56,-27,-39,0,0,0,-2,0,0,0,0,0,0]} 1. d4 d6 2. Nf3 g6 3. g3 Bg7 4. Bg2 Nd7 5. O-O e5 6. c4 Ne7 7. Nc3 O-O 8. e4 exd4 9. Nxd4 Nc6 10. Be3 Nde5 {A42: Modern Defence: Averbakh Variation} 11. Nxc6 bxc6 12. Qa4 (12. b3 Nxc4 13. bxc4 Bxc3 14. Rc1 Bg7 15. c5 Bb7 16. Qa4 a5 17. Rfd1 Qe7 18. Rb1 {½-½ (30) Erdos,V (2605)-Mamedov,R (2703) Skopje 2018}) 12... c5 {LiveBook: 5 Games. Black is slightly better.} 13. b3 Bd7 14. Qa3 a5 15. Qc1 a4 $146 ({Predecessor:} 15... Qf6 16. Nd5 Nf3+ 17. Kh1 Qxa1 18. Qxa1 Bxa1 19. Rxa1 {½-½ (90) Cosma,I (2467)-Sekulic,V (2305) Bijeljina 2001}) 16. Bg5 Qb8 17. Rb1 axb3 18. axb3 Nc6 19. Bh6 Nd4 20. Bxg7 Kxg7 21. Qb2 f6 22. Rfd1 Be6 23. b4 Bxc4 24. bxc5 Qxb2 25. Rxb2 dxc5 26. e5 Rad8 {[#] aiming for ...Ne2+!} 27. exf6+ Rxf6 28. Rdd2 Rb6 (28... Rfd6 {seems wilder.} 29. Rb7 Nf3+ 30. Bxf3 Rxd2 31. Rxc7+ R8d7) 29. f4 Rdb8 30. Na4 Rxb2 $1 31. Nxb2 Bb5 32. Nd1 Rd8 33. Kf2 Ne6 34. Rxd8 {The position is equal.} Nxd8 35. Nc3 Bc6 36. Bxc6 Nxc6 37. Nd5 Kf7 38. Nxc7 {Precision: White = 69%, Black = 56%.} 1/2-1/2

[Event "9th Ferdowski Cup 2019"]
[Site "Mashhad"]
[Date "2019.03.07"]
[Round "8.2"]
[White "Khodashenas, Mersad"]
[Black "Li, Bo"]
[Result "1-0"]
[WhiteElo "2480"]
[BlackElo "2314"]
[Annotator "TA"]
[PlyCount "75"]
[EventDate "2019.03.01"]
[EventType "swiss"]
[EventCountry "IRI"]
[SourceTitle "playchess.com"]
[Source "ChessBase"]
[SourceQuality "1"]

{[%evp 9,75,20,43,-5,12,0,6,0,4,4,59,-18,-23,-90,-93,-94,-3,-3,0,-11,-9,-10,32,25,34,39,107,113,95,109,106,108,107,106,100,104,118,120,118,109,183,183,289,296,386,386,386,386,386,386,386,386,914,881,804,808,1553,1510,1927,1734,4134,4134,29987,29988,29990,29991,29991,29992]} 1. e4 c5 2. Nf3 d6 3. d4 Nf6 4. dxc5 Nxe4 5. cxd6 Nxd6 6. b3 {B53: Sicilian: 2...d6: Lines with Qxd4} (6. Nc3 Nc6 7. Bf4 e6 8. Qd2 f6 9. O-O-O e5 10. Be3 Be6 11. Nh4 Qa5 12. a3 O-O-O 13. Qe1 Nc4 14. Rxd8+ Qxd8 15. Bxc4 Bxc4 {0-1 (50) Malakhov,V (2707)-Nepomniachtchi,I (2717) Riga 2013}) 6... Nc6 7. Bb2 Bg4 $146 ({Predecessor:} 7... Qc7 8. Be2 Bf5 9. a3 Rd8 10. Nbd2 Ne4 11. Qc1 Nxd2 12. Nxd2 Nd4 13. Bxd4 Rxd4 {1-0 (44) Skoulakis,C (2091)-Koronas,V (1766) Kallithea 2009}) 8. h3 {The position is equal.} Bh5 9. Be2 Ne4 ({Better is} 9... Qa5+ $11 10. Qd2 Qxd2+ 11. Nbxd2 f6) 10. Nbd2 (10. O-O $14) 10... Qa5 $1 $11 11. Bd3 {[#]} (11. c3 $11 Rd8 12. Nd4) 11... Bxf3 $1 $17 12. gxf3 Nxd2 (12... Nc3 $17 13. Qc1 Nd5) 13. Qxd2 $11 Qxd2+ 14. Kxd2 O-O-O 15. Rae1 Nb4 (15... Rg8 {looks sharper.} 16. Re4 g6 17. h4 Bh6+ 18. Kd1 Bg7) 16. Re4 $36 {[%mdl 2048] White has good play.} Nxd3 17. cxd3 e6 (17... f6 $14) 18. Rc1+ $16 Kb8 19. Be5+ Bd6 20. Bxg7 Rhg8 21. Bf6 Rc8 22. Rxc8+ Kxc8 {[%mdl 4096] Endgame KRB-KRB} 23. Rh4 h6 24. Bd4 Be7 (24... Kd7 $16) 25. Rg4 $18 Rxg4 (25... Rd8 $142 26. Bxa7 Rd5) 26. fxg4 {KB-KB} ({Not} 26. hxg4 Bg5+ 27. Be3 Bxe3+ 28. Kxe3 (28. fxe3 Kd7 $16) 28... Kd8 $16) 26... a6 27. Ke3 Bf8 28. Ke4 Kd7 29. Bf6 Ke8 30. f4 Kd7 $2 {[#]} (30... a5 31. h4 Bd6) 31. h4 Ke8 32. h5 Kd7 33. g5 Ke8 34. d4 b5 35. d5 hxg5 36. fxg5 {White mates.} exd5+ 37. Kxd5 Kd7 38. h6 {Accuracy: White = 64%, Black = 42%.} 1-0

[Event "9th Ferdowski Cup 2019"]
[Site "Mashhad"]
[Date "2019.03.07"]
[Round "8.3"]
[White "Daghli, Arash"]
[Black "Mosadeghpour, Masoud"]
[Result "0-1"]
[WhiteElo "2345"]
[BlackElo "2542"]
[Annotator "TA"]
[PlyCount "120"]
[EventDate "2019.03.01"]
[EventType "swiss"]
[EventCountry "IRI"]
[SourceTitle "playchess.com"]
[Source "ChessBase"]
[SourceQuality "1"]

{[%evp 9,120,-4,-8,-19,-8,-25,-32,-33,-26,-22,-22,-30,-24,-28,0,0,0,-3,0,0,0,0,0,0,41,0,0,0,0,-43,-21,-9,-8,-95,-94,-110,-116,-116,-109,-115,-114,-143,-137,-117,-81,-73,-28,-18,-17,-25,-25,-17,0,0,0,0,0,-17,-17,-42,0,-17,0,0,0,0,0,0,0,0,0,0,0,0,0,0,0,-79,0,0,0,-79,-79,-87,-87,-79,-84,-531,-512,-493,-470,-481,-430,-472,-415,-518,-261,-209,0,-225,-104,-131,-84,-562,-552,-1300,-1259,-1479,-1427,-5258,-4152,-29978,-29979]} 1. e4 e6 2. d4 d5 3. Bd3 dxe4 4. Bxe4 Nf6 5. Bf3 c5 6. Be3 {C01: French: Exchange Variation} (6. Ne2 Nc6 7. Be3 cxd4 8. Nxd4 Ne5 9. Nc3 a6 10. Qe2 Nxf3+ 11. Qxf3 e5 12. Nb3 Bb4 13. Bg5 h6 14. Rd1 {½-½ (31) Andriasian,Z (2604)-Martirosyan,H (2607) Yerevan 2019}) 6... Nd5 (6... Be7 {is interesting.} 7. Ne2 cxd4 8. Nxd4 a6 9. O-O Qc7) 7. Ne2 $146 ({Predecessor:} 7. Bxd5 Qxd5 8. Nf3 cxd4 9. Bxd4 Nc6 10. Bc3 Qxd1+ 11. Kxd1 f6 12. a3 Bc5 13. Ke2 e5 {0-1 (34) Anton Quevedo,A (1943)-Garcia Dorado,A (2129) Madrid 2018}) 7... Nxe3 8. fxe3 {Black is slightly better.} Nd7 9. Nd2 Be7 10. O-O Bg5 11. Kh1 Qc7 12. Nc3 O-O ({Much weaker is} 12... Bxe3 $6 13. Nc4 $16) 13. Qe2 a6 14. Rad1 Be7 15. Nc4 cxd4 16. exd4 Nf6 17. Ne5 (17. d5 $5 {[%cal Rd5d6]} Rd8 18. a3 $14) 17... Rb8 18. Ne4 Nd7 19. Ng3 Bd6 {[%cal Rd7e5]} 20. Rfe1 b5 {[%cal Bb7b5,Bb5b4][%mdl 32]} 21. Rd3 (21. c3 $11) 21... b4 $1 $17 22. c4 Bxe5 $1 23. dxe5 Qxc4 24. Qd2 Qc7 ({Wrong is} 24... Qxa2 $2 25. Nh5 $18) 25. Rd6 Rb5 $1 26. Qd4 Rc5 27. h3 f6 28. exf6 Nxf6 {aiming for ...Ne8.} 29. Ne4 Nxe4 30. Bxe4 Rc1 31. Rxc1 Qxc1+ 32. Kh2 Qf4+ 33. Kh1 a5 34. Kg1 Kh8 35. Bf3 {Threatens to win with Qxf4.} Qc1+ 36. Kh2 Qg5 37. Rc6 e5 $36 {[%mdl 2048] Black is more active.} 38. Qc5 {[%cal Rc5f8]} Qf4+ 39. g3 $1 {[%cal Rg3f4]} Qxf3 40. Rxc8 $11 {[%mdl 4096] Endgame KQR-KQR} Qe2+ {[%mdl 64] Double Attack} 41. Kg1 {[%cal Rc8f8]} Rg8 42. Rxg8+ Kxg8 43. Qxa5 {KQ-KQ} (43. Qd5+ $11 Kf8 44. h4) 43... Qe3+ (43... Qxb2 $17 44. Qd5+ Kf8) 44. Kg2 Qe2+ (44... Qd2+ $11 45. Kf3 Qxb2) 45. Kg1 $17 Qxb2 46. Qd8+ Kf7 47. Qd7+ Kf6 {Hoping for ...Qb1+.} 48. Qd6+ $2 {[%mdl 8192]} (48. Qc6+ $17 {nothing else works.} Kg5 49. Qe6 Qb1+ 50. Kg2) 48... Kf5 $1 $19 49. Qd3+ {[#]} Ke6 $1 50. Qc4+ Kd6 {White must now prevent ...Qd4+.} 51. Qf7 Qd4+ 52. Kf1 Qd3+ 53. Kf2 {[#]} Qd4+ $2 (53... Qd2+ $1 $19 54. Kf1 Qd4) 54. Ke2 $2 (54. Kf1 $1 $11 {and White is okay.}) 54... Qb2+ (54... e4 $19 {is more deadly. ...Qd3+ is the strong threat.} 55. Qf8+ Kc7 56. Qf7+ Kb6) 55. Ke3 $17 Qc3+ 56. Kf2 $2 {[%mdl 8192]} (56. Ke2 $17 {was the crucial defense.}) 56... e4 $19 57. Qf8+ Kd5 58. Qa8+ Kd4 59. Qd8+ Kc4 60. Qg5 Qf6+ {Accuracy: White = 38%, Black = 57%.} 0-1

[Event "9th Ferdowski Cup 2019"]
[Site "Mashhad"]
[Date "2019.03.07"]
[Round "8.4"]
[White "Lorparizangeneh, Shahin"]
[Black "Dilanyan, Grigor"]
[Result "1/2-1/2"]
[WhiteElo "2493"]
[BlackElo "2244"]
[Annotator "RC"]
[PlyCount "47"]
[EventDate "2019.03.01"]
[EventType "swiss"]
[EventCountry "IRI"]
[SourceTitle "playchess.com"]
[Source "ChessBase"]
[SourceQuality "1"]
[TimeControl "5400+30"]

1. d4 Nf6 {[%emt 0:14:29]} 2. Nf3 {[%emt 0:00:00]} c5 {[%emt 0:00:42]} 3. d5 {[%emt 0:00:16]} e6 {[%emt 0:00:24]} 4. c4 {[%emt 0:05:18]} b5 {[%emt 0:00:31]} 5. Bg5 {[%emt 0:00:19]} exd5 {[%emt 0:00:13]} 6. cxd5 {[%emt 0:00:47]} d6 {[%emt 0:00:09]} 7. e4 {[%emt 0:00:50]} a6 {[%emt 0:00:01]} 8. a4 {[%emt 0:00:45]} Be7 {[%emt 0:00:25]} 9. Bd3 {[%emt 0:25:52]} Nxd5 {[%emt 0:11:01]} 10. Bxe7 {[%emt 0:07:11]} Nxe7 {[%emt 0:00:02]} 11. axb5 {[%emt 0:00:07]} O-O {[%emt 0:00:07]} 12. O-O {[%emt 0:00:31]} Bb7 {[%emt 0:04:44]} 13. Nc3 {[%emt 0:01:53]} axb5 {[%emt 0:10:06]} 14. Rxa8 {[%emt 0:00:14]} Bxa8 {[%emt 0:00:01]} 15. Bxb5 {[%emt 0:00:37]} Qb6 {[%emt 0:17:04]} 16. Nd2 {[%emt 0:08:55]} d5 {[%emt 0:10:53]} 17. exd5 {[%emt 0:00:15]} Nxd5 {[%emt 0:01:07]} 18. Nc4 {[%emt 0:00:40]} Qd8 {[%emt 0:02:06]} 19. Nxd5 {[%emt 0:01:26]} Bxd5 {[%emt 0:00:06]} 20. Ne3 {[%emt 0:02:48]} Be6 {[%emt 0:00:09]} 21. Qxd8 {[%emt 0:08:40]} Rxd8 {[%emt 0:00:02]} 22. Rc1 {[%emt 0:00:05]} Rd2 {[%emt 0:02:42]} 23. Rxc5 {[%emt 0:06:35]} Rxb2 {[%emt 0:00:09]} 24. h4 {[%emt 0:00:08]} 1/2-1/2

[Event "9th Ferdowski Cup 2019"]
[Site "Mashhad"]
[Date "2019.03.07"]
[Round "8.5"]
[White "Bagheri, Maziar"]
[Black "Darini, Pouria"]
[Result "1-0"]
[WhiteElo "2260"]
[BlackElo "2474"]
[Annotator "TA"]
[PlyCount "109"]
[EventDate "2019.03.01"]
[EventType "swiss"]
[EventCountry "IRI"]
[SourceTitle "playchess.com"]
[Source "ChessBase"]
[SourceQuality "1"]

{[%evp 20,109,43,39,34,0,48,40,32,-2,54,31,43,34,115,143,227,211,226,221,226,214,193,173,169,186,289,298,303,295,273,223,333,319,342,336,357,382,350,215,207,207,299,256,395,368,468,470,470,409,426,425,508,465,433,408,552,557,589,614,591,588,879,807,829,764,939,937,952,948,941,942,912,906,931,904,872,844,691,653,780,695,657,531,581,476,559,561,669,550,782,766]} 1. d4 Nf6 2. c4 g6 3. Nc3 d5 4. cxd5 Nxd5 5. e4 Nxc3 6. bxc3 Bg7 7. Nf3 c5 8. Be3 Qa5 9. Qd2 O-O 10. Rc1 Bg4 11. d5 Na6 {D85: Exchange Grünfeld: Unusual White 7th moves and lines with 7 Nf3} 12. Ng5 b5 {[#] aiming for ...b4.} (12... c4 $5) 13. h3 Bd7 {[#] White is slightly better.} 14. Nf3 $146 ({Predecessor:} 14. Bd3 c4 15. Be2 Rac8 16. O-O Nc5 17. f4 h6 18. Bxc5 Rxc5 19. Nf3 {1-0 (29) Grischuk,A (2719)-Morozevich,A (2787) Almaty 2008}) 14... b4 (14... c4 $11) 15. e5 (15. Bxa6 $5 Qxa6 16. c4 $11 (16. cxb4 cxb4 17. Bd4 Bxd4 $17)) 15... e6 16. Bc4 Nc7 (16... exd5 $14 17. Qxd5 (17. Bxd5 Rad8 $11) 17... Be6) 17. d6 $36 {[%mdl 2048] Threatens to win with cxb4. White is in control.} Nb5 (17... bxc3 $16 18. Qxc3 Qxc3+ 19. Rxc3 Nd5 20. Bxd5 exd5) 18. cxb4 $18 ({Worse is} 18. Bxc5 bxc3 19. Qd3 Rac8 $17) 18... cxb4 19. O-O Rac8 {[#]} 20. Bxb5 $1 Qxb5 21. Bh6 ({Resist} 21. Bxa7 Bxe5 22. Nxe5 Qxe5 $16) 21... Qd5 22. Qf4 Bxh6 (22... Qxa2 $142 23. Bxg7 Kxg7) 23. Qxh6 {White wants to mate with Ng5.} Rxc1 24. Rxc1 {White threatens Ng5 and mate.} Bc6 25. Qd2 {Qxd5 is the strong threat.} Kg7 (25... Qe4 $142 26. Qd4 Kg7 27. Qxa7 Bb7) 26. Qxb4 Ba8 27. a3 a5 28. Qf4 Bc6 29. Qc4 Qxc4 30. Rxc4 {[%mdl 4096] Endgame KRB-KRN} Bd5 (30... Bxf3 $142 31. gxf3 g5) 31. Rc7 h6 (31... Bxf3 {keeps fighting.} 32. gxf3 g5) 32. Nd4 Rb8 33. f3 Kf8 34. Kf2 Ke8 35. Ke3 a4 36. Re7+ Kf8 37. Ra7 Rb1 38. Rxa4 {White is clearly winning.} Re1+ 39. Ne2 Ke8 40. Kd2 Rf1 41. Nf4 Bc6 42. Ra6 Bb5 43. Ra8+ Kd7 44. Ra7+ Ke8 45. Re7+ Kf8 46. Rb7 Ba4 47. Rb8+ Kg7 48. Nd3 Rd1+ 49. Ke3 Bc6 50. Rb6 Be8 51. f4 g5 52. g3 gxf4+ 53. gxf4 Kg6 54. Rb7 Bc6 55. d7 {Accuracy: White = 69%, Black = 24%.} 1-0

[Event "9th Ferdowski Cup 2019"]
[Site "Mashhad"]
[Date "2019.03.07"]
[Round "8.6"]
[White "Mazur, Stefan"]
[Black "Atakhan, Abtin"]
[Result "1-0"]
[WhiteElo "2441"]
[BlackElo "2207"]
[Annotator "TA"]
[PlyCount "135"]
[EventDate "2019.03.01"]
[EventType "swiss"]
[EventCountry "IRI"]
[SourceTitle "playchess.com"]
[Source "ChessBase"]
[SourceQuality "1"]

{[%evp 15,135,0,30,46,36,14,12,29,35,25,14,26,22,10,35,39,33,20,37,33,38,16,18,21,34,25,29,19,23,15,26,4,19,15,31,31,28,26,23,0,0,0,0,0,25,25,25,25,25,25,25,25,25,25,39,39,39,39,40,40,51,11,11,11,11,11,12,12,12,12,15,9,588,667,1256,1201,859,635,29954,29956,12793,109,29962,1650,29966,29966,29968,29969,29971,29972,29973,29974,29974,1551,29977,29977,29978,29979,29979,29980,29980,29981,29981,29980,29982,29981,29981,29982,29982,29983,29983,29982,29980,29981,29986,29987,29991,29992,29994,29995,29995,29996]} 1. e4 c5 2. Nf3 Nc6 3. d4 cxd4 4. Nxd4 g6 5. Nc3 Bg7 6. Be3 Nf6 7. Bc4 O-O 8. Bb3 d5 9. exd5 {B35: Sicilian: Accelerated Dragon with 5 Nc3: main line} Na5 $1 10. O-O Nxb3 11. Nxb3 {The position is equal.} b6 12. d6 Qxd6 13. Qxd6 exd6 {[#]} 14. Rfd1 $146 ({Predecessor:} 14. Rfe1 Bf5 15. Nd4 Bd7 16. h3 a6 {½-½ (40) Oparin,G (2616)-Gelfand,B (2725) Moscow 2016}) 14... Bf5 15. Nd4 Bd7 16. h3 Rac8 17. a4 a6 18. Bf4 Rfe8 19. a5 b5 20. Bxd6 Rc4 21. Nce2 Ne4 22. Bf4 g5 23. Bc1 h6 24. Ra3 b4 25. Re3 f5 26. f3 Ng3 $1 27. Rxe8+ (27. Nxg3 {seems wilder.} Bxd4 28. Nxf5 Bxe3+ 29. Nxe3 Rc7 30. Rd3) 27... Bxe8 28. Nxg3 Bxd4+ 29. Kh1 Rxc2 30. Rxd4 {Hoping for Bd2.} Rxc1+ $11 {[%mdl 4096] Endgame KRB-KRN} 31. Kh2 Rc5 32. Rxb4 {Threatens to win with Rb8.} Rxa5 33. Rb8 Kf7 34. Rb6 Kg7 35. b4 Rd5 36. Rxa6 Rb5 37. Ra5 Kg6 38. Rxb5 (38. Kg1 {feels hotter.} Kf6 39. Kf2 Rxb4 40. Rxf5+ Ke6 41. Ra5) 38... Bxb5 $14 {KB-KN} 39. Kg1 Kf6 40. Kf2 Ke5 41. Ne2 f4 42. Nc3 Bd7 43. b5 {[%cal Bb4b5,Bb5b6][%mdl 32]} h5 $2 {[%mdl 8192]} (43... Kd4 $11 44. b6 Bc8) 44. b6 $18 {b7 is the strong threat.} Bc6 {[#]} 45. Ne4 $1 {[%mdl 512]} g4 (45... Bxe4 46. fxe4) 46. Nc5 gxh3 47. gxh3 Kd6 {[#]} 48. Nd3 $2 (48. Ne4+ $1 $18 {and the rest is easy.} Ke7 49. h4) 48... Be8 $2 {[%mdl 8192]} (48... h4 $16 49. Nxf4 Bd7) 49. Nxf4 (49. h4 $142 Kc6 50. Nxf4 Kxb6 51. Nd5+ Kc5 52. Nf6 Ba4 53. Kg3 Kd6 54. Kf4) 49... Kc6 50. Kg3 Kxb6 51. Ne6 Kc6 52. Ng7 Bf7 53. Kh4 Kd6 54. Nxh5 (54. f4 $142 Ke7 55. Kg5 (55. Nxh5 Be6 $18) 55... h4 56. Nf5+ {[%mdl 64] Double Attack} (56. Kxh4 Kf6 $11) 56... Kf8 57. Kxh4 Bb3 58. Kg5 Kf7 59. h4) 54... Ke7 {[#]} 55. Kg5 $1 {White mates.} Bb3 56. f4 Kf7 57. h4 Bc2 58. f5 Bb1 59. Nf4 Ba2 60. Nd3 Bb3 61. h5 Kg7 62. Ne5 Bd5 63. Nd7 Bb3 64. h6+ Kh7 65. Nf8+ Kg8 66. h7+ Kh8 67. Kh6 {[%cal Rf8g6]} Bf7 68. f6 {Accuracy: White = 68%, Black = 37%.} 1-0

[Event "9th Ferdowski Cup 2019"]
[Site "Mashhad"]
[Date "2019.03.08"]
[Round "9.1"]
[White "Mosadeghpour, Masoud"]
[Black "Aitbayev, Aslan"]
[Result "1/2-1/2"]
[WhiteElo "2542"]
[BlackElo "2441"]
[Annotator "TA"]
[PlyCount "26"]
[EventDate "2019.03.01"]
[EventType "swiss"]
[EventCountry "IRI"]
[SourceTitle "playchess.com"]
[Source "ChessBase"]
[SourceQuality "1"]

{[%evp 11,26,25,45,25,25,13,29,0,-8,-16,0,-14,26,12,40,34,66]} 1. e4 d6 2. d4 Nf6 3. Nc3 g6 4. f4 Bg7 5. Nf3 O-O 6. Bd3 Nc6 7. Be2 {B09: Pirc Defence: Austrian Attack} Bg4 8. e5 $146 ({Predecessor:} 8. Be3 Bxf3 9. Bxf3 e5 10. fxe5 dxe5 11. d5 Nd4 12. O-O c6 13. dxc6 bxc6 14. Ne2 Qc7 {½-½ (60) Karjakin,S (2773)-Nepomniachtchi,I (2742) Saint Louis 2017}) 8... dxe5 9. dxe5 {White has an edge.} Nh5 10. Be3 f6 {[%cal Rf6e5]} 11. exf6 exf6 12. Qxd8 Raxd8 13. Kf2 Bh6 1/2-1/2

[Event "9th Ferdowski Cup 2019"]
[Site "Mashhad"]
[Date "2019.03.08"]
[Round "9.3"]
[White "Bagheri, Maziar"]
[Black "Mazur, Stefan"]
[Result "1/2-1/2"]
[WhiteElo "2260"]
[BlackElo "2441"]
[Annotator "TA"]
[PlyCount "52"]
[EventDate "2019.03.01"]
[EventType "swiss"]
[EventCountry "IRI"]
[SourceTitle "playchess.com"]
[Source "ChessBase"]
[SourceQuality "1"]

{[%evp 21,52,35,48,15,14,0,0,-15,-14,-14,0,0,0,0,0,0,0,0,0,-2,-3,-8,0,-33,-31,-37,-8,-20,-18,-45,-37,-33,-28]} 1. d4 d5 2. c4 e6 3. Nf3 Nf6 4. g3 Be7 5. Bg2 O-O 6. O-O dxc4 7. Ne5 Nc6 8. Nxc6 bxc6 9. Na3 Bxa3 10. bxa3 Nd5 11. Qa4 Nb6 12. Qxc6 {E05: Open Catalan: 5 Nf3 Be7} (12. Qa5 Qxd4 13. Be3 Qf6 14. Bxc6 Rb8 15. Bg5 Qg6 16. Be7 e5 17. Bg2 Re8 18. Qxa7 Bh3 19. Bxh3 Qc6 {0-1 (40) Socko,B (2592)-Aleksandrov,A (2580) Suwalki 2018}) 12... Rb8 13. Bf4 Bb7 14. Qxc7 {The position is equal.} Bxg2 15. Qxd8 Rbxd8 16. Kxg2 Rxd4 17. Be3 Rd7 18. Rfc1 $146 ({Predecessor:} 18. Bxb6 axb6 19. Rfc1 Rc8 {0-1 (61) Galyga,Z (2154)-Osipow,N (2216) Chorzow 2008}) 18... Rc8 19. Rab1 h6 20. Bxb6 axb6 $11 {[%mdl 4096] Endgame KRR-KRR} 21. Rc2 Rd6 22. Rb4 c3 23. Rb1 g5 24. Kf3 Rc5 25. Rbc1 Rdc6 26. e4 Kg7 1/2-1/2

[Event "9th Ferdowski Cup 2019"]
[Site "Mashhad"]
[Date "2019.03.08"]
[Round "9.4"]
[White "Li, Bo"]
[Black "Sibashvili, Giorgi"]
[Result "0-1"]
[WhiteElo "2314"]
[BlackElo "2419"]
[Annotator "TA"]
[PlyCount "68"]
[EventDate "2019.03.01"]
[EventType "swiss"]
[EventCountry "IRI"]
[SourceTitle "playchess.com"]
[Source "ChessBase"]
[SourceQuality "1"]

{[%evp 17,67,0,27,-22,-20,-26,-34,-78,-54,-110,-54,-96,-81,-283,-273,-356,-356,-340,-350,-502,-493,-628,-623,-626,-614,-1026,-574,-1170,-1170,-1145,-1231,-1160,-1165,-1135,-135,-1120,-1122,-1116,-1078,-988,-792,-1302,-1300,-29986,-29973,-29965,-6037,-29993,-29994,-29994,-29995,-29999]} 1. d4 Nf6 2. c4 c5 3. Nf3 cxd4 4. Nxd4 e5 5. Nb5 d5 6. cxd5 Bc5 7. e3 O-O 8. N5c3 Qe7 9. Nd2 e4 10. Qc2 {[%cal Rd2e4] A31: Symmetrical English: 2 Nf3 Nf6 3 d4} (10. a3 Rd8 11. b4 Bd6 12. Bb2 Bf5 13. Nc4 Bc7 14. Qb3 a6 15. Rd1 b5 16. Na5 Bd6 17. h3 h5 {1-0 (27) Granda Zuniga,J (2675)-Santos Ruiz,M (2352) LLucmajor 2014}) 10... Bf5 11. h3 Nbd7 $146 ({Predecessor:} 11... Rd8 12. Bc4 h6 13. a3 Nbd7 14. b4 Bb6 15. Qb3 Ne5 16. Bb2 Rac8 17. O-O-O a5 {0-1 (30) Kalmuk,K (1765)-Byrka,J (1832) Polanica Zdroj 2010}) 12. g4 {Black is slightly better.} Bg6 13. Bg2 ({White should try} 13. Be2 $15) 13... Rfe8 (13... Rac8 $17) 14. a3 Rac8 15. g5 $2 {[#]} (15. Qd1 $17 Nb6 16. h4) 15... Nxd5 $1 $19 {[%mdl 576] Discovered Attack, Decoy} 16. Nxd5 Qxg5 {[%mdl 64] Double Attack} 17. O-O ({Don't blunder} 17. Nf4 $2 Bxe3 $1 {[%mdl 512]} 18. Qd1 Bxf4 $19) 17... Qxd5 18. Qb3 (18. Qd1 {might work better.} Bh5 19. Qb3) 18... Qg5 19. Qxb7 Nf6 20. b4 Bf5 21. Kh1 Qh4 22. Bb2 {White hopes to continue with Bxf6.} Bxh3 {aiming for ...Bf5+.} 23. Bxf6 Bxg2+ 24. Kxg2 {[#]} Qg4+ $1 25. Kh1 Qh3+ $40 {[%mdl 128] Black is out for blood.} 26. Kg1 Bd6 {[%csl Gd6][%cal Rh3h2]} ({Less strong is} 26... gxf6 27. Nxe4 Qg4+ 28. Ng3 $17) 27. f4 gxf6 28. Nxe4 Qxe3+ 29. Nf2 Kh8 {( -> ...Rg8+)} 30. Kh1 Qxf4 {[%csl Gd6][%cal Rf4h2]} 31. Qg2 Rg8 32. Qh3 {[#]} Rc3 $1 {[%mdl 512] Black mates.} 33. Qh5 (33. Qxc3 Qh2#) 33... Rg5 34. Qh6 Qf3# {Accuracy: White = 34%, Black = 91%.} 0-1

[Event "9th Ferdowski Cup 2019"]
[Site "Mashhad"]
[Date "2019.03.08"]
[Round "9.6"]
[White "Soozankar, A.M."]
[Black "Lorparizangeneh, Shahin"]
[Result "0-1"]
[WhiteElo "2262"]
[BlackElo "2493"]
[Annotator "TA"]
[PlyCount "76"]
[EventDate "2019.03.01"]
[EventType "swiss"]
[EventCountry "IRI"]
[SourceTitle "playchess.com"]
[Source "ChessBase"]
[SourceQuality "1"]

{[%evp 20,76,0,0,4,3,0,-20,-6,-29,-27,-23,-33,-45,-50,-46,-36,-45,-40,-46,-5,-26,-11,-37,25,-27,-19,-27,-26,-27,-14,-18,0,0,0,-27,-11,-7,0,0,10,0,0,-127,-124,-224,-220,-245,-233,-246,-175,-319,-321,-872,-820,-29992,-29993,-29993,-29994]} 1. e4 c5 2. c4 Nc6 3. g3 g6 4. Bg2 Bg7 5. Ne2 e6 6. Nbc3 d6 7. d3 Nge7 8. O-O O-O 9. Be3 Nd4 10. Rb1 Nec6 11. a3 b6 {A36: Symmetrical English vs ...g6: 4 Bg2 Bg7} 12. b4 Bb7 13. Qd2 Qd7 {The position is equal.} 14. Kh1 (14. f4 f5 15. Bf2 Rae8 16. bxc5 dxc5 17. e5 Nxe5 18. Nxd4 cxd4 19. fxe5 dxc3 20. Qxc3 Bxg2 21. Kxg2 {0-1 (32) Solak,D (2629)-Djukic,N (2523) Batumi 2018}) 14... f5 15. f4 Rae8 16. Bg1 $146 ({Predecessor:} 16. bxc5 dxc5 17. e5 Bh6 18. Kg1 Rd8 19. Nb5 Nxb5 20. cxb5 {½-½ (38) Kruimer,W (2053)-Burg,B ICCF email 2013}) 16... Nxe2 17. Nxe2 e5 18. Nc3 exf4 19. gxf4 Nd4 20. Nd5 Bc6 21. Rbe1 (21. Bxd4 $5 Bxd4 22. exf5 $15) 21... Ne6 (21... Kh8 $15) 22. Bh3 ({White should try} 22. exf5 gxf5 23. b5) 22... Nc7 23. b5 Bxd5 24. exd5 Rxe1 25. Rxe1 Re8 26. Bf2 Kf7 27. Kg2 Qd8 28. a4 Bf6 29. a5 Bh4 30. Rxe8 Nxe8 31. Be3 (31. axb6 $1 $11 axb6 32. Bg3) 31... bxa5 $17 32. d4 (32. Kf3 $17) 32... Nf6 $19 33. dxc5 {Threatens to win with c6.} Ne4 $1 {[%csl LRc5,LRd2][%mdl 64] [#] Double Attack} 34. Qa2 dxc5 35. Qa3 (35. Kf1 {was called for.}) 35... Qe7 36. Qxa5 $2 {[#]} (36. Kf1 Nd6 37. Qxc5) 36... Ng5 $1 37. Bf2 Qe4+ {[%mdl 64] Double Attack} 38. Kf1 Qd3+ {Accuracy: White = 31%, Black = 51%.} 0-1